000 00697nam a2200241 i 4500
001 C2-0275461
003 PPAK
005 20180728004246.0
008 061017s2006 mdu |||| ||||| | eng d
022 _a1045-5736
040 _aPPAK
_beng
_cPPAK
_erda
082 0 4 _a321.8
_223
090 0 0 _a321.8
_bJOU
_dRLCK
245 0 0 _aJournal of democracy :
_bJuly 2006, Vol. 17, No.3
264 1 _aBaltimore, Maryland :
_bThe Johns Hopkins University Press ,
_c2006
300 _a189 pages ;
_c23 cm
336 _2rdacontent
_atext
337 _2rdamedia
_aunmediated
338 _2rdacarrier
_avolume
650 1 0 _aDemocracy - Periodicals.
700 1 _aPlattner, Marc F.,
_eeditor
942 _ddc
_cB
999 _c83143
_d83143